000 00964nam a2200325 a 4500
003 AR-BaBNM
005 20251128202953.0
008 082120s2002 ||||||||||||||000 | spa||
040 _cAR-BaBNM
100 1 _aBullrich, Rodolfo
245 0 0 _aPrincipios generales de derecho administrativo
260 _aBuenos Aires
_bKraft
_c1942
300 _axxvi, 411 p.
500 _aIndice general p. ix-xiv
500 _aIndice de los fallos de la Suprema Corte citados en la obra p. 401-403
500 _aIndice alfabético de materias p. 405-411
504 _aBibliografĂ­a p. 395-399
650 4 _aDERECHO ADMINISTRATIVO
650 4 _aFUENTES DEL DERECHO
650 4 _aESTADO
650 4 _aPODERES DEL ESTADO
650 4 _aORGANIZACION ADMINISTRATIVA
650 4 _aCENTRALIZACION
650 4 _aDESCENTRALIZACION
650 4 _aPROPIEDAD PUBLICA
650 4 _aFUNCION PUBLICA
650 4 _aFUNCIONARIOS PUBLICOS
942 _cBK
998 _cAndrea
999 _c1317
_d1317